| 000 | 00527nam a2200193Ia 4500 | ||
|---|---|---|---|
| 005 | 20250326144941.0 | ||
| 008 | 250326s9999 xx 000 0 und d | ||
| 020 | _a81-7044-33-5 | ||
| 037 | _aTextbook | ||
| 040 |
_aFMSL _beng _cFMSL |
||
| 041 |
_aeng _2eng |
||
| 084 |
_aX:8D M6 _qFMSL |
||
| 100 |
_aChoyal B R _9750364 |
||
| 245 | 0 |
_aFicial management of state enterprises _cChoyal B R |
|
| 260 |
_aJaipur _bJaipur, Printwell _c1986 |
||
| 300 | _axv,278 | ||
| 942 |
_cTB _hX:8D M6 |
||
| 999 |
_c1305766 _d1305766 |
||